000 00793nam a2200277Ia 4500
003 OSt
005 20221007122103.0
006 a|||||r|||| 00| 0
007 ta
008 221006b |||||||| |||| 00| 0 eng d
020 _a0471157589 (hbd)
024 _a4297
037 _bSumee,
_cTextual
040 _aPAPL
_cPAPL
_beng
041 _2eng
_aeng
082 _aCN1, N7 Carpa
100 _aSingh Jasprit
_9442508
245 0 _aQuantum mechanics: Fundamentals and applications to technology
260 _aNew
_bYork John Wiley Sons, Inc
_c1997
300 _axxvii,505p. ill.
_ccm.
500 _aIndex 495-505p.
650 _a Quantum mechanics
650 _aPhysics
942 _hCN1, N7 Carpa
_cTEXL
_2CC
999 _c1209760
_d1209760